[Event "Titled Tuesday intern op 09th Jan Early"]
[Site "Chess.com INT"]
[Date "2024.01.09"]
[Round "2"]
[White "Pranesh, M."]
[Black "Doshi, Moksh Amitbhai"]
[Result "1-0"]
[WhiteElo "2538"]
[BlackElo "2355"]
[PlyCount "65"]
[EventDate "2024.01.09"]
[EventType "swiss (blitz)"]
[EventRounds "11"]
[EventCountry "USA"]
[SourceTitle "CB03_2024"]
[SourceDate "2024.01.17"]
[SourceVersion "1"]
[SourceVersionDate "2024.01.17"]
[SourceQuality "1"]

1. e4 e5 2. Bc4 Nf6 3. d3 Nc6 4. Nc3 Bc5 5. f4 d6 6. Nf3 Bg4 7. Na4 Nd4 8. fxe5 Nd7 9. Nxc5 Bxf3 10. gxf3 Nxc5 11. exd6 Qh4+ 12. Kf1 Qh3+ 13. Kf2 cxd6 14. Be3 Qh4+ 15. Kg2 Nde6 16. Qd2 0-0 17. Rag1 Nd7 18. d4 Nf6 19. c3 Nh5 20. Kf1 Kh8 21. Qg2 Rae8 22. Qg4 Qxg4 23. Rxg4 f5 24. Rh4 g6 25. Bh6 Rf6 26. Bxe6 Rexe6 27. Kg2 Rf7 28. Bg5 Kg7 29. Re1 h6 30. Bd2 Rfe7 31. Kf2 Kf7 32. exf5 gxf5 33. Rxh5 1-0